Adjustment and liberalization in the third world (Record no. 10185)
[ view plain ]
| 000 -LEADER | |
|---|---|
| fixed length control field | 00514nam a2200193Ia 4500 |
| 020 ## - INTERNATIONAL STANDARD BOOK NUMBER | |
| ISBN | 8185182566 |
| 082 ## - DEWEY DECIMAL CLASSIFICATION NUMBER | |
| Classification number | RR 332.042 ADJ- |
| 245 #0 - TITLE STATEMENT | |
| Title | Adjustment and liberalization in the third world |
| 260 ## - PUBLICATION, DISTRIBUTION, ETC. (IMPRINT) | |
| Place of publication | New Delhi |
| Name of publisher | Indus |
| Year of publication | 1991 |
| 300 ## - PHYSICAL DESCRIPTION | |
| Number of Pages | v.12, 855 |
| 440 ## - SERIES STATEMENT/ADDED ENTRY--TITLE | |
| Title | New world order series; 12 |
| 504 ## - BIBLIOGRAPHY, ETC. NOTE | |
| Bibliography, etc | includes index |
| 650 ## - SUBJECT ADDED ENTRY--TOPICAL TERM | |
| Topical Term | International Finance |
| 650 ## - SUBJECT ADDED ENTRY--TOPICAL TERM | |
| Topical Term | Structural Adjustment |
| 700 ## - ADDED ENTRY--PERSONAL NAME | |
| Personal name | Tandon, Rameshwar |
| 700 ## - ADDED ENTRY--PERSONAL NAME | |
| Personal name | Hatti, Neelambar |
| 700 ## - ADDED ENTRY--PERSONAL NAME | |
| Personal name | Singer, H.W. |
| 942 ## - ADDED ENTRY ELEMENTS (KOHA) | |
| Koha item type | Books |
| Source of classification or shelving scheme | Dewey Decimal Classification |
| Withdrawn status | Lost status | Damaged status | Not for loan | Collection code | Home library | Current library | Date acquired | Bill Date | Full call number | Accession Number | Price effective from | Koha item type |
|---|---|---|---|---|---|---|---|---|---|---|---|---|
| Docas Gratis Books | NASSDOC Library | NASSDOC Library | 30/12/2016 | 2005-03-16 | RR 332.042 ADJ- | DG000253 | 18/04/2019 | Books |
